| 000 | 01085nam0a22003011 4500 | ||
|---|---|---|---|
| 001 | RU\INFOCOMM_322\NLR\5000247175 | ||
| 005 | 20250613112755.0 | ||
| 035 | _a(NLR Aleph) 009617817 | ||
| 090 |
_a9413300 _c9413300 |
||
| 100 | _a20130319d1980 |||y0rusy50 ca | ||
| 101 | 0 | _aeng | |
| 102 | _aRU | ||
| 105 | _ay z ||||| | ||
| 200 | 1 |
_aThe phenomenology of neutrino oscillations _fI. Yu. Kobzarev, B. V. Martemyanov, L. B. Okun, M. G. Schepkin |
|
| 210 |
_aM. _cИТЭФ _d1980 |
||
| 215 |
_a22 с. _cграф. _d26 см |
||
| 225 | 1 |
_aInstitute of theoretical and experimental physics _vITEP-90 |
|
| 300 | _aВ вып. дан.: Феноменология нейтринных осцилляций / И. Ю. Кобзарев и др. | ||
| 320 | _aБиблиогр.: с. 21-22 | ||
| 606 | 0 |
_aНейтрино _xОсцилляции _2nlr_sh1 |
|
| 620 | _aМосква | ||
| 686 |
_aВ382.41 _2rubbk |
||
| 701 | 1 |
_aKobzarev _bI. J. _gIgor' Jur'evič |
|
| 801 | 1 |
_aRU _bInfocomm _c20130319 |
|
| 801 | 0 |
_aRU _bINFOCOMM _gPSBO |
|
| 852 |
_aNLR _jФз01 Д-8/394 |
||
| 942 | _cBOOK | ||
| 980 | _aNB | ||